Toruń czy Bydgoszcz - Statystyki

Ogólne statystyki
  • Ten quiz został rozwiązany 579 razy
    518 od ostatniego zresetowania
  • Średni wynik to 13 z 15
Statystyki odpowiedzi
Zagadnienie Odpowiedź % Poprawnych
Urodził się w nim Mikołaj Kopernik Toruń
99%
Słynie z pierników Toruń
98%
znajduje się tu ,,Muzeum Mydła i Historii Brudu" Bydgoszcz
94%
Jest większe powierzchniowo Bydgoszcz
92%
Urodził się w nim Zbigniew Boniek Bydgoszcz
91%
Posiada obiekt w mieście na liście Unesco Toruń
91%
Posiada więcej mieszkańców Bydgoszcz
88%
Posiada tramwaje Oba
88%
Rafał Bruski jest prezydentem miasta Bydgoszcz
87%
Jest stolicą województwa Kujawsko-Pomorskiego Oba
84%
Dostał szybciej prawa miejskie Toruń
84%
Jest bliżej z tego miasta do Warszawy Toruń
84%
Posiada postać anioła na herbie Toruń
80%
Nie posiada klubu w najlepszych 3 ligach piłkarskich w Polsce Oba
67%
Posiada większa gęstość zaludnienia Bydgoszcz
44%
Nie znaleziono quizów pasujących do podanych kryteriów
Rozkład punktacji
Procent ludzi z każdym wynikiem
Percentyl według liczby udzielonych odpowiedzi
Twoja historia wyników
Nie rozwiązałeś tego quizu od ostatniego zresetowania